000
00266nam a2200109Ia 4500
008
230907s9999||||xx |||||||||||||| ||und||
082
_a
305.8
_b
ETH
245
0
_a
Ethnic conflict /
260
_a
SAGE,
_b
Los Angels ; | London :
_c
2009
300
_a
4 v. :
942
_c
BK
999
_c
599389
_d
599389